Suharto, brujos, la alquibla y el judío mediático /
Saved in:
| 主要作者: | |
|---|---|
| 其他作者: | , |
| 格式: | 電子 電子書 |
| 語言: | 西班牙语 英语 |
| 出版: |
Ciudad de México :
Fondo de Cultura Económica,
2016.
|
| 版: | Primera edición electrónica. |
| 叢編: | Umbrales (Fondo de Cultura Económica (Mexico))
|
| 主題: | |
| 在線閱讀: | Digitalia Hispánica |
| 標簽: |
添加標簽
沒有標簽, 成為第一個標記此記錄!
|
MARC
| LEADER | 00000nam a2200000 i 4500 | ||
|---|---|---|---|
| 001 | DIGFCE1823 | ||
| 003 | NyNyDIG | ||
| 006 | m o d | ||
| 007 | cr ||||||||||| | ||
| 008 | 220905s2016 mx ob 000 0 spa d | ||
| 035 | |a (OCoLC)1350506972 | ||
| 040 | |a DGITA |b eng |e rda |e pn |c DGITA | ||
| 020 | |a 9786071646156 |q eBook |q ePub | ||
| 020 | |z 9786071642189 | ||
| 041 | 1 | |a spa |h eng | |
| 043 | |a a-io--- | ||
| 050 | 1 | 4 | |a HN710.Z9 ebook |
| 082 | 0 | 4 | |a 303.609598 |
| 100 | 1 | |a Siegel, James T., |d 1937- |e author. | |
| 245 | 1 | 0 | |a Suharto, brujos, la alquibla y el judío mediático / |c James T. Siegel ; prólogo Natalia Mendoza Rockwell ; traducción Laura Lecuona. |
| 250 | |a Primera edición electrónica. | ||
| 264 | 1 | |a Ciudad de México : |b Fondo de Cultura Económica, |c 2016. | |
| 300 | |a 1 online resource. | ||
| 336 | |a text |b txt |2 rdacontent | ||
| 337 | |a computer file |b c |2 rdamedia | ||
| 338 | |a online resource |b cr |2 rdacarrier | ||
| 347 | |a text file |2 rdaft | ||
| 347 | |b EPUB | ||
| 490 | 1 | |a Umbrales | |
| 500 | |a "Los capítulos de este libro fueron publicados originalmente como: James T. Siegel: "Suharto, witches", Indonesia, vol. 71, abril de 2001, pp. 27-78, y "Kiblat and the mediatic jew", Indonesia, vol. 69, abril de 2000, pp. 9-40." | ||
| 504 | |a Includes bibliographical references. | ||
| 588 | 0 | |a Online resource; title from ePub title page (Digitalia, viewed September 05, 2022) | |
| 650 | 0 | |a Violence |x Religious aspects. | |
| 650 | 0 | |a Ethnic conflict |z Indonesia. | |
| 655 | 0 | |a Electronic books. | |
| 700 | 1 | |a Mendoza Rockwell, Natalia, |e contributor agent of text. | |
| 700 | 1 | |a Lecuona, Laura, |e translator. | |
| 700 | 1 | |i Translation of: |a Siegel, James T., 1937- |t Suharto, witches. | |
| 700 | 1 | |i Translation of: |a Siegel, James T., 1937- |t Kiblat and the mediatic jew. | |
| 776 | 0 | 8 | |i Print version: |a Siegel, James T., 1937- |t Suharto, brujos, la alquibla y el judío mediático. |b Primera edición. |d Ciudad de México : Fondo de Cultura Económica, 2016 |z 9786071642189 |
| 791 | 2 | |a Digitalia (Firm), |e distributor. | |
| 793 | 0 | |g Digitalia eBook Collection: |a Fondo de Cultura Económica | |
| 830 | 0 | |a Umbrales (Fondo de Cultura Económica (Mexico)) | |
| 856 | 4 | 0 | |3 Digitalia Hispánica |u https://digitalia.unach.elogim.com/a/65049/ |
| 910 | |a Premium collection: 2022 | ||